Komparace správy neziskových nemocnic v USA (Kalifornie), ve Velké Británii a v České republice
Súčasná právna forma neziskových nemocníc v Českej republike. Transformácia neziskových nemocníc na obchodné spoločnosti. Neziskové nemocnice a zdravotnícka prax v Kalifornii a Velkej Británii. Správa verejných neziskových ústavných zdravotníckych zariadení. Princípy OECD.
Gespeichert in:
| 1. Verfasser: | |
|---|---|
| Format: | Buchkapitel |
| Sprache: | Tschechisch |
| Schlagworte: | |
| Tags: |
Keine Tags, Fügen Sie das erste Tag hinzu!
|
MARC
| LEADER | 00000nla$a2200000$$$4500 | ||
|---|---|---|---|
| 001 | 0117513 | ||
| 005 | 20231121095028.7 | ||
| 041 | 0 | |a cze | |
| 044 | |a CZ | ||
| 245 | 1 | 0 | |a Komparace správy neziskových nemocnic v USA (Kalifornie), ve Velké Británii a v České republice |c Tomáš Ježek |
| 520 | |a Súčasná právna forma neziskových nemocníc v Českej republike. Transformácia neziskových nemocníc na obchodné spoločnosti. Neziskové nemocnice a zdravotnícka prax v Kalifornii a Velkej Británii. Správa verejných neziskových ústavných zdravotníckych zariadení. Princípy OECD. | ||
| 610 | 2 | 0 | |a Česko |
| 610 | 2 | 0 | |a zdravotníctvo |
| 610 | 2 | 0 | |a nemocnice |
| 610 | 2 | 0 | |a zariadenia zdravotnícke |
| 610 | 2 | 0 | |a transformácia |
| 610 | 2 | 0 | |a reformy |
| 610 | 2 | 0 | |a politika zdravotná |
| 610 | 2 | 0 | |a starostlivosť zdravotná |
| 610 | 2 | 0 | |a služby zdravotnícke |
| 100 | 1 | |a Ježek, Tomáš | |